Регионална библиотека "Любен Каравелов" - Русе

Светът от вчера (Запис номер 329861)

MARC детайли
000 -Лидер
Контролно поле с фиксирана дължина 01206nam a2200289 a 4500
003 - Код на организацията, давaща контролен номер
Контролно поле BLK
005 - Дата и час на последна редакция
Контролно поле 20250531143804.0
008 - Елементи от данни с фиксирана дължина
fixed length control field 190402b bu |||||r|||| 00| 0 bu d
020 ## - Международен стандартен номер на книга ISBN
Международен стандартен номер на книга ISBN 9786190203117
040 ## - Източник на каталожния запис
Идентификатор на билиотеката - собственик на записа BLK
041 ## - Код за език
Код за езика на текст/звукозапис или на отделно заглавие Български
Код за езика КДБФ Български
080 ## - УДК
Текстов определител УДК Немска литература
УДК код - определител по УДК 821.112.2
УДК определител (436)-94
УДК - код + определител 821.112.2(436)-94
100 ## - Редна дума - Автор
R(LIN) 265498
Автор Цвайг, Стефан
Авторска отговорност първи автор
139 ## - Редно поле
Редна дума Цвайг, Стефан
Авторски знак Цва - Ц 29
245 ## - Сведения за заглавието
Заглавие Светът от вчера
Подзаглавни данни спомени на един европеец
Редно поле (дума) Стефан Цвайг ; прев. от нем. Анна Лилова
260 ## - Област на издателските данни
9 (RLIN) 209486
Място на издаване, разпространение и проч. София
Име на издателя, разпространителя и проч. Колибри
Година на издаване 2018
Печатница София: Инвестпрес
300 ## - Физическа характеристика
Страници 479 с.
Размери/Мащаб 20 см
380 ## - Жанр
Жанр Худож. лит.
490 ## - СЕРИИ (Колекции)
Име на серия Модерна класика
500 ## - Общи забележки
Забележка Ориг. загл.: Die Welt von Gestern / Stefan Zweig. - Биогр. данни за авт. отбелязани на гърба на кор.<br/>
700 ## - Други автори (авторска отговорност)
9 (RLIN) 320413
Лично име Лилова, Анна
Автороска отговорност (Описва отношението между автора и произведението) прев. от нем.
852 ## - Местоположение
Форматна сигнатура Цб 294354
999 ## - СИСТЕМНИ КОНТРОЛНИ НОМЕРА
Koha biblionumber 329861
Koha biblioitemnumber 329861
942 ## - АРТИКУЛИ
Вид на библиотечния материал Книги
Скрит в OPAC Не
Koha issues (borrowed), all copies 26
944 ## - СЪЗДАВАНЕ И РЕДАКЦИЯ на ЗАПИСА
Създаване/Редакция Създаване
Дата на регистрацията/редакция 2019-04-02
Служител, извършил регистрацията/редакцията 30540
Статус, дата на статуса Севдалина Тодорова
999 ## - СИСТЕМНИ КОНТРОЛНИ НОМЕРА
Koha biblioitemnumber 329861
999 ## - СИСТЕМНИ КОНТРОЛНИ НОМЕРА
Koha biblioitemnumber 329861
Наличности
Код за отписване Код за изгубен артикул Източник на класификационната схема Код за повреда Коз за рестрикции Код за отдаване Артикулен № Име на библиотеката - собственик Име на библиотеката, в която се намира в момента Статус (Текущо местоположение) Дата на вписване в системата Местоположение - отдел Цена в лева Систематично азбучна сигнатура Баркод Цена в евро Служебен тип на артикула
  Не е изгубен Universal Decimal Classification Не е повреден без рестрикции ползва се в читалня 697797 Регионална библиотека "Любен Каравелов" Русе Регионална библиотека "Любен Каравелов" Русе Хранилище 2019-04-04 Хранилище 18.00 Цб 294354 120000831158 9.20 Книги
  Не е изгубен Universal Decimal Classification Не е повреден без рестрикции заемане за дома 751115 Регионална библиотека "Любен Каравелов" Русе Регионална библиотека "Любен Каравелов" Русе Заемна - подръчен фонд 2019-12-05 Заемна - подръчен фонд 12.60 П 830-9/Ц 29 120000839155 6.44 Книги
  Не е изгубен Universal Decimal Classification Не е повреден без рестрикции заемане за дома 751116 Регионална библиотека "Любен Каравелов" Русе Регионална библиотека "Любен Каравелов" Русе Заемна - подръчен фонд 2019-12-05 Заемна - подръчен фонд 12.60 П 830-9/Ц 29 120000839154 6.44 Книги
Vip Innovations Ltd, Rousse, Bulgaria 2025